Normal view MARC view

Entry Personal Name

Number of records used in: 1

001 - CONTROL NUMBER

  • control field: 20895

003 - CONTROL NUMBER IDENTIFIER

  • control field: OSt

005 - DATE AND TIME OF LATEST TRANSACTION

  • control field: 20210127143713.0

008 - FIXED-LENGTH DATA ELEMENTS

  • fixed length control field: 210127|| aca||aabn | a|a d

040 ## - CATALOGING SOURCE

  • Original cataloging agency: OSt
  • Transcribing agency: OSt

100 ## - HEADING--PERSONAL NAME

  • Personal name: Tripathi, Ashutosh. and Behi, Tushar.

670 ## - SOURCE DATA FOUND

  • Source citation: Work cat.: (OSt)514471: Tripathi, Ashutosh. and Behi, Tushar. , Protecting the health data of consumer: Need for an iron-clad law in India

Powered by Koha